000 00304nam a2200097Ia 4500
008 220204s9999 xx 000 0 und d
082 _a331(540)
_bREP
245 0 _aReport on intensive type studies on rural labour in India: General report (1967-70)
260 _aChandigarh
_bMinistry of labour
942 _cBK
999 _c39410
_d39410